[Event "Valencia sub zt 2.3.5"]
[Site "Valencia"]
[Date "2000.??.??"]
[Round "3"]
[White "Ordonez, Francisco"]
[Black "Boada, Winston"]
[Result "1/2-1/2"]
[WhiteElo "2295"]
[BlackElo "2165"]
[EventDate "2000.08.13"]
[PlyCount "54"]

1.e4 c6 2.d4 d5 3.Nc3 dxe4 4.Nxe4 Nd7 5.Ng5 Ngf6 6.Bd3 e6 7.Qe2 Bd6 8.N1f3
h6 9.Ne4 Nxe4 10.Qxe4 Nf6 11.Qe2 b6 12.Bd2 Bb7 13.O-O-O Qc7 14.Kb1 Rc8 15.
Rhg1 c5 16.dxc5 Qxc5 17.Bc3 O-O 18.Bd4 Qc7 19.g4 Nd5 20.g5 h5 21.Ne5 Nf4 
22.Qe3 Nxd3 23.cxd3 Bxe5 24.Bxe5 Qc2+ 25.Ka1 Bd5 26.b3 Qc5 27.Qxc5 bxc5 
1/2-1/2

[Event "Valencia sub zt 2.3.5"]
[Site "Valencia"]
[Date "2000.??.??"]
[Round "3"]
[White "Pazos Gambarrotti, Plinio"]
[Black "Prasca Sosa, Raphael Felipe"]
[Result "1/2-1/2"]
[WhiteElo "2363"]
[BlackElo "2256"]
[EventDate "2000.08.13"]
[PlyCount "37"]

1.c4 e5 2.Nc3 Nf6 3.e3 Be7 4.Nf3 Nc6 5.a3 d5 6.cxd5 Nxd5 7.Bb5 Nxc3 8.bxc3
O-O 9.d4 Qd5 10.Be2 exd4 11.cxd4 Bf5 12.O-O Be4 13.Bd3 Bd6 14.Rb1 a6 15.
Bxe4 Qxe4 16.Nd2 Qd5 17.Qf3 Qxf3 18.Nxf3 b5 19.Bb2 1/2-1/2

[Event "Valencia sub zt 2.3.5"]
[Site "Valencia"]
[Date "2000.??.??"]
[Round "3"]
[White "Ramsingh, Yogendranath"]
[Black "Wheeler, Robert"]
[Result "0-1"]
[WhiteElo "2246"]
[BlackElo "2226"]
[EventDate "2000.08.13"]
[PlyCount "127"]

1.d4 Nf6 2.Nf3 g6 3.c4 Bg7 4.Nc3 d5 5.Bf4 c6 6.e3 O-O 7.h3 h6 8.Bd3 Be6 9.
cxd5 Nxd5 10.Be5 Nf6 11.O-O Nbd7 12.Bh2 Nb6 13.Qe2 Rc8 14.Rfd1 Nbd5 15.e4 
Nxc3 16.bxc3 Qa5 17.c4 Rcd8 18.d5 Bc8 19.e5 Ne8 20.Be4 cxd5 21.Rxd5 Rxd5 
22.cxd5 Nc7 23.Rd1 Nb5 24.Qd2 Qa4 25.Nd4 Nc3 26.Re1 Qc4 27.Qd3 Qxd3 28.
Bxd3 Nxd5 29.Bc4 Nb6 30.Bb3 a6 31.Rc1 e6 32.Rc7 Rd8 33.Ne2 Bf8 34.Kf1 Nd5 
35.Rc1 Nb4 36.Rd1 Rxd1+ 37.Bxd1 Nxa2 38.Bf4 Bd7 39.Ng3 Nc3 40.Bf3 Nd5 41.
Bc1 Bb5+ 42.Kg1 Bd3 43.Ne4 Bxe4 44.Bxe4 h5 45.Kf1 Bc5 46.g3 Kf8 47.f4 Ke8 
48.g4 hxg4 49.hxg4 b5 50.f5 gxf5 51.gxf5 Bd4 52.Bxd5 exd5 53.Bf4 b4 54.Ke2
Bc3 55.Kd3 a5 56.Kc2 a4 57.Bg3 Kd7 58.Bf4 d4 59.Bc1 d3+ 60.Kxd3 Bxe5 61.
Kc4 b3 62.Kb4 b2 63.Bxb2 Bxb2 64.Kxa4 0-1

[Event "Valencia sub zt 2.3.5"]
[Site "Valencia"]
[Date "2000.??.??"]
[Round "4"]
[White "Arias, Luis"]
[Black "Ramsingh, Yogendranath"]
[Result "0-1"]
[WhiteElo "2243"]
[BlackElo "2246"]
[EventDate "2000.08.13"]
[PlyCount "114"]

1.g3 Nf6 2.Bg2 d5 3.c4 c6 4.Nf3 g6 5.O-O Bg7 6.d4 O-O 7.cxd5 cxd5 8.Nc3 
Nc6 9.Bf4 Nh5 10.Bg5 h6 11.Be3 f5 12.Ne5 Nxe5 13.dxe5 e6 14.f4 Bd7 15.Bc5 
Rf7 16.Rc1 Bf8 17.Be3 Kh7 18.Bd4 Be8 19.e3 Ng7 20.Qb3 Bc6 21.Rf2 Qa5 22.
Bf1 Ne8 23.a3 Rg7 24.Qa2 g5 25.b4 Qd8 26.b5 Bd7 27.Qb3 Qa5 28.Na4 gxf4 29.
exf4 Rc8 30.Rfc2 Rxc2 31.Rxc2 h5 32.Bc3 Qd8 33.Be1 Qh4 34.Nc5 Bxc5+ 35.
Rxc5 Qxf4 36.Qd1 h4 37.Rc2 hxg3 38.hxg3 Qxe5 39.Qh5+ Kg8 40.Re2 Qd4+ 41.
Kg2 Qg4 42.Qh6 Rh7 43.Qe3 Nd6 44.Bc3 Nxb5 45.Bf6 Nd6 46.Be5 Qe4+ 47.Qxe4 
Nxe4 48.Rc2 Bc6 49.a4 Bxa4 50.Rc8+ Kf7 51.Rc7+ Kg6 52.Rc8 Bc6 53.Be2 Nf6 
54.Rf8 Nd7 55.Re8 Kf7 56.Rh8 Rxh8 57.Bxh8 e5 0-1

[Event "Valencia sub zt 2.3.5"]
[Site "Valencia"]
[Date "2000.??.??"]
[Round "4"]
[White "Boada, Winston"]
[Black "Pazos Gambarrotti, Plinio"]
[Result "1/2-1/2"]
[WhiteElo "2165"]
[BlackElo "2363"]
[EventDate "2000.08.13"]
[PlyCount "27"]

1.d4 Nf6 2.c4 c5 3.d5 b5 4.cxb5 a6 5.f3 d6 6.e4 g6 7.Nc3 Bg7 8.Bd3 O-O 9.
Nge2 axb5 10.Bxb5 Ba6 11.Be3 Qa5 12.Bxa6 Nxa6 13.O-O Rfb8 14.Rb1 1/2-1/2

[Event "Valencia sub zt 2.3.5"]
[Site "Valencia"]
[Date "2000.??.??"]
[Round "4"]
[White "Hernandez, Alexander"]
[Black "Blanco, Cristobal J"]
[Result "1-0"]
[WhiteElo "2229"]
[BlackElo "2185"]
[EventDate "2000.08.13"]
[PlyCount "75"]

1.d4 d5 2.Nf3 Bg4 3.Ne5 Bf5 4.g4 Bc8 5.h3 Nd7 6.Bg2 c6 7.Nc3 e6 8.e4 Nxe5 
9.dxe5 d4 10.Ne2 Bc5 11.Nf4 Ne7 12.O-O Ng6 13.Nd3 Bb6 14.b3 Qc7 15.f4 Bd7 
16.a4 a6 17.Ba3 c5 18.b4 c4 19.Nc5 Bxc5 20.bxc5 Bxa4 21.Qxd4 Rd8 22.Qf2 
Qc6 23.Rfd1 O-O 24.Rd6 Rxd6 25.exd6 e5 26.fxe5 Nxe5 27.Qd4 Re8 28.Bb2 Bxc2
29.Rf1 Bd3 30.Rf5 f6 31.g5 Nd7 32.gxf6 gxf6 33.Kh2 Re6 34.Rg5+ Kf8 35.e5 
Qxc5 36.Qxc5 Nxc5 37.exf6 Ne4 38.d7 1-0

[Event "Valencia sub zt 2.3.5"]
[Site "Valencia"]
[Date "2000.??.??"]
[Round "4"]
[White "Munoz Sotomayor, Hugo"]
[Black "Yee, Frank"]
[Result "1-0"]
[WhiteElo "2322"]
[BlackElo "2169"]
[EventDate "2000.08.13"]
[PlyCount "48"]

1.e4 e5 2.Nf3 Nc6 3.d4 exd4 4.Nxd4 Bc5 5.Be3 Bb6 6.Nf5 Bxe3 7.Nxe3 Nf6 8.
Nc3 d6 9.Qd2 O-O 10.O-O-O Re8 11.f3 Be6 12.g4 Nd7 13.h4 Nb6 14.f4 f6 15.g5
Bf7 16.Be2 Nb4 17.a3 a5 18.Rhg1 Kh8 19.Bf3 fxg5 20.hxg5 Qd7 21.Rh1 Qc6 22.
Qh2 Bg8 23.Bh5 Qc5 24.Nf5 Re6 1-0

[Event "Valencia sub zt 2.3.5"]
[Site "Valencia"]
[Date "2000.??.??"]
[Round "4"]
[White "Ostos, Julio"]
[Black "Dominguez, Jose Manuel"]
[Result "1-0"]
[WhiteElo "2344"]
[BlackElo "2316"]
[EventDate "2000.08.13"]
[PlyCount "75"]

1.e4 e5 2.Nf3 Nc6 3.Bb5 g6 4.O-O Bg7 5.Bxc6 dxc6 6.Na3 Be6 7.d3 Ne7 8.Nc4 
f6 9.Qe2 O-O 10.Rd1 Qe8 11.d4 Bg4 12.dxe5 fxe5 13.Rd3 Nd5 14.h3 Bc8 15.Bd2
Nf4 16.Bxf4 exf4 17.Rad1 h6 18.Rd8 Qxd8 19.Rxd8 Rxd8 20.Nce5 Rd6 21.Nd3 g5
22.e5 Rd8 23.Nc5 Rd5 24.Qc4 b5 25.Qc3 Bf5 26.Na6 Rad8 27.Nxc7 Rd1+ 28.Kh2 
Rb1 29.Qxc6 Rdd1 30.g4 Bd7 31.Qa8+ Kf7 32.Qe4 Ke7 33.e6 Bc8 34.Qf5 Bb7 35.
Qf7+ Kd6 36.Nxb5+ Kc5 37.Qxb7 Bd4 38.Nbxd4 1-0

[Event "Valencia sub zt 2.3.5"]
[Site "Valencia"]
[Date "2000.??.??"]
[Round "4"]
[White "Sequera Paolini, Jose"]
[Black "Prasca Sosa, Raphael Felipe"]
[Result "1/2-1/2"]
[WhiteElo "2357"]
[BlackElo "2256"]
[EventDate "2000.08.13"]
[PlyCount "94"]

1.e4 e6 2.d4 d5 3.Nd2 dxe4 4.Nxe4 Nd7 5.Nf3 Ngf6 6.Bd3 Nxe4 7.Bxe4 Nf6 8.
Bd3 Be7 9.Ne5 O-O 10.O-O c5 11.dxc5 Bxc5 12.Bg5 h6 13.Bh4 Be7 14.Qe2 Qd4 
15.Bg3 Qxb2 16.a4 Qd4 17.a5 a6 18.Rfd1 Qc5 19.Ra4 Nd5 20.Qf3 f5 21.Ng6 Bd7
22.Rc4 Qxa5 23.Nxf8 Rxf8 24.Be5 Bc6 25.Qg3 Nf6 26.Bd6 Bxd6 27.Qxd6 Qd5 28.
Qxd5 exd5 29.Rd4 Ne4 30.Ra1 Nd6 31.f3 Kf7 32.h4 h5 33.Kf2 Ra8 34.Ke3 Re8+ 
35.Kf4 Kf6 36.Ra5 g6 37.g3 Nf7 38.g4 hxg4 39.fxg4 fxg4 40.Kxg4 Ne5+ 41.Kg3
g5 42.hxg5+ Kxg5 43.Ra1 Kf6 44.Re1 a5 45.Bf1 Rg8+ 46.Kf2 Ng4+ 47.Kf3 Ne5+ 
1/2-1/2

[Event "Valencia sub zt 2.3.5"]
[Site "Valencia"]
[Date "2000.??.??"]
[Round "4"]
[White "Sosa, Luis"]
[Black "Wheeler, Robert"]
[Result "1/2-1/2"]
[WhiteElo "2166"]
[BlackElo "2226"]
[EventDate "2000.08.13"]
[PlyCount "123"]

1.d4 e6 2.e4 d5 3.Nc3 dxe4 4.f3 e3 5.Bxe3 Nf6 6.Bd3 Nbd7 7.Nge2 a6 8.O-O 
c5 9.Ne4 Qc7 10.c3 Be7 11.Rc1 Nd5 12.Bd2 Qb6 13.c4 N5f6 14.Bc3 Nxe4 15.
Bxe4 cxd4 16.Bxd4 Bc5 17.Bc2 Bxd4+ 18.Qxd4 Qxd4+ 19.Nxd4 Nf6 20.c5 Bd7 21.
b4 O-O-O 22.Bb3 Kc7 23.Rfd1 Bc6 24.Nxc6 Kxc6 25.Ba4+ Kc7 26.Kf2 Rxd1 27.
Rxd1 Nd5 28.Rd4 Rb8 29.Bb3 Kc6 30.Ba4+ Kc7 31.Bc2 Kc6 32.Be4 f5 33.Bxd5+ 
exd5 34.h4 b6 35.cxb6 Rxb6 36.Ke3 Kd6 37.Kf4 g6 38.h5 Rc6 39.hxg6 hxg6 40.
a3 Rc3 41.a4 Ra3 42.b5 axb5 43.axb5 Rb3 44.Ra4 Kc5 45.Ra6 Rxb5 46.Rxg6 d4 
47.Kxf5 Rb8 48.Ke4 Re8+ 49.Kd3 Re3+ 50.Kd2 Ra3 51.Rg8 Ra2+ 52.Kd3 Ra3+ 53.
Ke4 Re3+ 54.Kf5 Kc4 55.f4 d3 56.Rc8+ Kb3 57.g4 d2 58.Rd8 Kc2 59.Rxd2+ Kxd2
60.g5 Rg3 61.Kf6 Ke3 62.f5 1/2-1/2

[Event "Valencia sub zt 2.3.5"]
[Site "Valencia"]
[Date "2000.??.??"]
[Round "5"]
[White "Arias, Luis"]
[Black "Yee, Frank"]
[Result "1/2-1/2"]
[WhiteElo "2243"]
[BlackElo "2169"]
[EventDate "2000.08.13"]
[PlyCount "71"]

1.e4 e5 2.Nf3 Nc6 3.Bb5 a6 4.Ba4 Nf6 5.O-O b5 6.Bb3 Bb7 7.c3 Bc5 8.d4 Bd6 
9.Re1 h6 10.Nbd2 O-O 11.Nf1 Re8 12.d5 Na5 13.Bc2 c6 14.Ne3 Bc5 15.b4 Bxe3 
16.Bxe3 Nc4 17.d6 Re6 18.Bc5 Ne8 19.Bb3 Qf6 20.Qe2 Nexd6 21.Bxd6 Rxd6 22.
Bxc4 bxc4 23.Qxc4 Re6 24.Qc5 d5 25.Nd2 Qg5 26.Qe3 Qxe3 27.Rxe3 a5 28.f3 
axb4 29.cxb4 Ra4 30.a3 Re8 31.Nb3 Rea8 32.Nc5 Rxb4 33.Nxb7 Rxb7 34.exd5 
cxd5 35.Rxe5 Rba7 36.Rxd5 1/2-1/2

[Event "Valencia sub zt 2.3.5"]
[Site "Valencia"]
[Date "2000.??.??"]
[Round "5"]
[White "Blanco, Cristobal J"]
[Black "Ordonez, Francisco"]
[Result "0-1"]
[WhiteElo "2185"]
[BlackElo "2295"]
[EventDate "2000.08.13"]
[PlyCount "54"]

1.e4 c6 2.d4 d5 3.exd5 cxd5 4.Nf3 Nc6 5.Nc3 Bg4 6.Bb5 Nf6 7.h3 Bxf3 8.Qxf3
a6 9.Bxc6+ bxc6 10.O-O e6 11.Bg5 Be7 12.Na4 Rb8 13.Qd3 Qa5 14.b3 Qb5 15.
Qe3 O-O 16.Nc5 Bxc5 17.Bxf6 gxf6 18.dxc5 Qb7 19.Rad1 Kh8 20.Rd4 Rg8 21.Ra4
Ra8 22.Re1 e5 23.Qf3 Qe7 24.Rf4 Rg6 25.g3 Qxc5 26.Rxf6 e4 27.Qf4 Qc3 0-1

[Event "Valencia sub zt 2.3.5"]
[Site "Valencia"]
[Date "2000.??.??"]
[Round "5"]
[White "Harper, Ryan"]
[Black "Boada, Winston"]
[Result "1/2-1/2"]
[WhiteElo "2122"]
[BlackElo "2165"]
[EventDate "2000.08.13"]
[PlyCount "140"]

1.e4 d6 2.d4 Nf6 3.Nc3 c6 4.f4 Qa5 5.Bd2 e5 6.dxe5 dxe5 7.Nd5 Qd8 8.Nxf6+ 
Qxf6 9.Nf3 exf4 10.Bc3 Qg6 11.Qd4 Nd7 12.O-O-O Bc5 13.Qxg7 Be3+ 14.Kb1 
Qxg7 15.Bxg7 Rg8 16.Bd4 Bxd4 17.Rxd4 Nc5 18.b4 Ne6 19.Rd2 h6 20.Bd3 a5 21.
a3 axb4 22.axb4 Ra4 23.c3 Ng5 24.Nd4 Be6 25.h4 Nh7 26.e5 Nf8 27.Nf5 Bxf5 
28.Bxf5 Rg3 29.Kb2 Re3 30.Rf1 Rxe5 31.Rxf4 Ke7 32.Bc2 Ng6 33.Rg4 h5 34.Rg3
Ra6 35.Bxg6 fxg6 36.Rxg6 c5 37.Rg7+ Kf6 38.Rxb7 cxb4 39.cxb4 Re4 40.b5 
Raa4 41.g3 Reb4+ 42.Kc3 Rg4 43.Rg2 Rxg3+ 44.Rxg3 Ra3+ 45.Kb2 Rxg3 46.Rh7 
Kg6 47.Rh8 Rg4 48.Ka3 Rg3+ 49.Kb2 Rh3 50.b6 Rxh4 51.Kc3 Kg7 52.Rd8 Rh3+ 
53.Kc4 Rh1 54.b7 Rc1+ 55.Kb5 Rb1+ 56.Kc6 Rc1+ 57.Kb6 Rb1+ 58.Ka7 Ra1+ 59.
Kb8 Kf6 60.Rd6+ Kg5 61.Kc7 Ra7 62.Kc8 Rxb7 63.Kxb7 h4 64.Kc6 h3 65.Rd8 Kf4
66.Kd5 h2 67.Rh8 Kg3 68.Ke4 Kg2 69.Rg8+ Kf2 70.Rh8 Kg2 1/2-1/2

[Event "Valencia sub zt 2.3.5"]
[Site "Valencia"]
[Date "2000.??.??"]
[Round "5"]
[White "Pazos Gambarrotti, Plinio"]
[Black "Matthews, Shane"]
[Result "1/2-1/2"]
[WhiteElo "2363"]
[BlackElo "2258"]
[EventDate "2000.08.13"]
[PlyCount "116"]

1.d4 e6 2.c4 f5 3.Nc3 Nf6 4.Bg5 Bb4 5.e3 b6 6.Nf3 Bb7 7.Bd3 h6 8.Bxf6 
Bxc3+ 9.bxc3 Qxf6 10.Qe2 O-O 11.O-O Be4 12.Nd2 Bxd3 13.Qxd3 Nc6 14.f4 Rae8
15.Rae1 Kh8 16.g3 Nd8 17.Nf3 Nf7 18.e4 fxe4 19.Rxe4 Qf5 20.Nh4 Qh7 21.c5 
bxc5 22.dxc5 d5 23.cxd6 Nxd6 24.Re3 Qxd3 25.Rxd3 Kg8 26.c4 Nxc4 27.Rc1 Nb6
28.Rxc7 Rf7 29.Rc5 Ree7 30.Rc6 g5 31.Ng6 Re8 32.Ne5 Rf5 33.Ng4 Kg7 34.Rc7+
Rf7 35.Rxf7+ Kxf7 36.Nxh6+ Kg6 37.fxg5 Kxg5 38.Nf7+ Kf6 39.Nd6 Re7 40.Nb5 
Nd5 41.Ra3 Rb7 42.Nxa7 Rb1+ 43.Kg2 Rb2+ 44.Kh3 e5 45.Nc6 e4 46.Ra8 e3 47.
Re8 Rxa2 48.Nd4 Ne7 49.Rxe7 Kxe7 50.Nf5+ Kf6 51.Nxe3 Kg5 52.Nd5 Ra5 53.Nc3
Ra3 54.Ne4+ Kf5 55.Nf2 Ra2 56.Kg2 Rb2 57.Kf3 Rb3+ 58.Ke2 Ra3 1/2-1/2

[Event "Valencia sub zt 2.3.5"]
[Site "Valencia"]
[Date "2000.??.??"]
[Round "5"]
[White "Prasca Sosa, Raphael Felipe"]
[Black "Montalvo, Alejandro"]
[Result "1/2-1/2"]
[WhiteElo "2256"]
[BlackElo "2222"]
[EventDate "2000.08.13"]
[PlyCount "61"]

1.e4 c6 2.d4 d5 3.exd5 cxd5 4.Bd3 Nc6 5.c3 g6 6.Nf3 Bg7 7.Bf4 Nf6 8.Ne5 
Nh5 9.Nxc6 bxc6 10.Bc1 O-O 11.O-O Qc7 12.Re1 c5 13.dxc5 Qxc5 14.Be3 Qc7 
15.Be2 Nf6 16.Bf3 Rb8 17.Bd4 Rxb2 18.Nd2 Ng4 19.Nf1 e5 20.Bxg4 exd4 21.
cxd4 Qf4 22.Bf3 Be6 23.Ne3 Bxd4 24.Rb1 Rxa2 25.Rb4 Bxe3 26.Rxf4 Bxf4 27.g3
Rd2 28.Qa4 Bh6 29.Qxa7 Bg7 30.Qa5 Rd3 31.Re3 1/2-1/2

[Event "Valencia sub zt 2.3.5"]
[Site "Valencia"]
[Date "2000.??.??"]
[Round "5"]
[White "Ramsingh, Yogendranath"]
[Black "Pitterson, Jomo"]
[Result "1/2-1/2"]
[WhiteElo "2246"]
[BlackElo "2262"]
[EventDate "2000.08.13"]
[PlyCount "123"]

1.e4 e6 2.d4 d5 3.Nc3 Nf6 4.Bg5 Be7 5.Bxf6 Bxf6 6.e5 Be7 7.Qg4 O-O 8.O-O-O
f5 9.Qh3 c5 10.dxc5 Nc6 11.f4 Qa5 12.Kb1 b6 13.g4 fxg4 14.Qxg4 Qb4 15.Bd3 
Nxe5 16.Bxh7+ Kxh7 17.Qh3+ Kg8 18.fxe5 bxc5 19.Nge2 Rb8 20.b3 Qh4 21.Qd3 
Qg5 22.h4 Qxe5 23.h5 c4 24.Qg6 cxb3 25.axb3 Qg5 26.Qd3 Qf5 27.Qxf5 Rxf5 
28.Nd4 Rf6 29.Nc6 Rb7 30.Nxe7+ Rxe7 31.Rdg1 Kh7 32.Rg5 Ref7 33.Kb2 Rf5 34.
Rg6 Rxh5 35.Rxg7+ Kxg7 36.Rxh5 Bd7 37.Nxd5 exd5 38.Rxd5 Be6 39.Rd6 Kf6 40.
Rd1 Rb7 41.Rh1 Ke5 42.Re1+ Kd6 43.Rd1+ Kc6 44.Ra1 Rg7 45.Ra6+ Kd5 46.Ra5+ 
Kd4 47.Ra4+ Kc5 48.Ra5+ Kb6 49.Re5 Bg8 50.Re8 Rg2 51.Rc8 Bh7 52.Rc3 Re2 
53.Kb1 Re7 54.Kb2 Rc7 55.Rxc7 Kxc7 56.Kc3 Kc6 57.b4 Bg8 58.Kb2 Bc4 59.b5+ 
Kc5 60.c3 Be2 61.c4 Bd3 62.Kc3 1/2-1/2

[Event "Valencia sub zt 2.3.5"]
[Site "Valencia"]
[Date "2000.??.??"]
[Round "5"]
[White "Santa Torres, Luis A"]
[Black "Sosa, Luis"]
[Result "1/2-1/2"]
[WhiteElo "2201"]
[BlackElo "2166"]
[EventDate "2000.08.13"]
[PlyCount "35"]

1.e4 c6 2.d4 d5 3.exd5 cxd5 4.c4 Nf6 5.Nc3 Nc6 6.Nf3 Bg4 7.cxd5 Nxd5 8.Qb3
Bxf3 9.gxf3 e6 10.Qxb7 Nxd4 11.Bb5+ Nxb5 12.Qc6+ Ke7 13.Qxb5 Qd7 14.Nxd5+ 
exd5 15.Qxd7+ Kxd7 16.Be3 Ke6 17.O-O-O Bb4 18.Rd3 1/2-1/2

[Event "Valencia sub zt 2.3.5"]
[Site "Valencia"]
[Date "2000.??.??"]
[Round "5"]
[White "Sequera Paolini, Jose"]
[Black "Ostos, Julio"]
[Result "0-1"]
[WhiteElo "2357"]
[BlackElo "2344"]
[EventDate "2000.08.13"]
[PlyCount "80"]

1.e4 d6 2.d4 Nf6 3.Nc3 g6 4.Nf3 Bg7 5.Be2 O-O 6.O-O Bg4 7.Be3 Nc6 8.Qd3 e5
9.d5 Ne7 10.a4 Bc8 11.a5 a6 12.Ne1 Nd7 13.Na4 f5 14.f3 Kh8 15.c4 Ng8 16.c5
Bh6 17.Bf2 Ngf6 18.Qc4 Nh5 19.c6 Ndf6 20.cxb7 Bxb7 21.g3 Qd7 22.Ng2 Rf7 
23.Qb4 Bc8 24.Be3 Bxe3+ 25.Nxe3 f4 26.gxf4 Nxf4 27.Qd2 Qh3 28.Rf2 Bd7 29.
Nc3 Qh4 30.Bf1 Raf8 31.Qe1 Bc8 32.Rc1 g5 33.Nf5 Bxf5 34.exf5 g4 35.Ne4 Rg7
36.Kh1 gxf3 37.Rxf3 Rfg8 38.Ng3 N4h5 39.Rcc3 Ne4 40.Rc4 Nhxg3+ 0-1

[Event "Valencia sub zt 2.3.5"]
[Site "Valencia"]
[Date "2000.??.??"]
[Round "5"]
[White "Wheeler, Robert"]
[Black "Munoz Sotomayor, Hugo"]
[Result "0-1"]
[WhiteElo "2226"]
[BlackElo "2322"]
[EventDate "2000.08.13"]
[PlyCount "164"]

1.d4 e6 2.Nf3 b6 3.g3 Bb7 4.Bg2 Nf6 5.O-O c5 6.c3 Be7 7.Bg5 O-O 8.Nbd2 
cxd4 9.cxd4 d5 10.Ne5 Nfd7 11.Bxe7 Qxe7 12.Nxd7 Qxd7 13.Nf3 Qb5 14.Qd2 Nc6
15.Rfc1 Rac8 16.Bf1 Qb4 17.Rc3 Qd6 18.Rac1 Na5 19.Rxc8 Rxc8 20.Rxc8+ Bxc8 
21.Qc3 Qc6 22.Qxc6 Nxc6 23.e3 f6 24.a3 Kf7 25.Bd3 h6 26.Kf1 Ke7 27.Ke1 Kd6
28.Kd2 e5 29.Bb5 Ne7 30.Ne1 g5 31.f3 Be6 32.Ke2 Bf7 33.Ba4 Bh5 34.Kd3 Bg6+
35.Ke2 Nc8 36.Kd2 Bh5 37.Bb5 Ke6 38.Bf1 Nd6 39.b3 Bg6 40.Bh3+ Ke7 41.Bf1 
Be8 42.Nc2 a5 43.Kc3 h5 44.Be2 h4 45.a4 hxg3 46.hxg3 Bg6 47.g4 Be8 48.Bf1 
Bd7 49.Be2 e4 50.f4 gxf4 51.exf4 Nf7 52.Ne3 Kd6 53.Bf1 Nd8 54.f5 Nc6 55.
Bb5 Nb4 56.Bxd7 Kxd7 57.Kd2 Kd6 58.Nf1 Ke7 59.Ng3 Kf7 60.Nf1 Kg7 61.Ne3 
Kh6 62.Ke2 Kg5 63.Kd2 Kh6 64.Kc3 Kg7 65.Kd2 Kh7 66.Kc3 Kh6 67.Kd2 Kg5 68.
Ke2 Kh4 69.Kd2 Kg5 70.Ke2 Kf4 71.Kd2 Nc6 72.Nxd5+ Kf3 73.g5 fxg5 74.f6 
Nxd4 75.Nc7 Nxb3+ 76.Ke1 Nc5 77.f7 Nd7 78.Nd5 g4 79.Nxb6 Nf8 80.Nc4 g3 81.
Nd2+ Ke3 82.Nf1+ Kf4 0-1

[Event "Valencia sub zt 2.3.5"]
[Site "Valencia"]
[Date "2000.??.??"]
[Round "6"]
[White "Arias, Luis"]
[Black "Santa Torres, Luis A"]
[Result "1-0"]
[WhiteElo "2243"]
[BlackElo "2201"]
[EventDate "2000.08.13"]
[PlyCount "71"]

1.g3 d5 2.Bg2 c6 3.Nf3 Bg4 4.Ne5 Bh5 5.d4 Nf6 6.c4 e6 7.Nc3 Be7 8.Qb3 Qb6 
9.c5 Qc7 10.Bf4 Qc8 11.h3 Nbd7 12.g4 Bg6 13.Nxg6 hxg6 14.Qd1 O-O 15.e3 Re8
16.O-O Bf8 17.b4 e5 18.Bg3 b6 19.Qd3 a5 20.a3 e4 21.Qe2 b5 22.bxa5 Rxa5 
23.Qb2 Nh7 24.a4 bxa4 25.Rxa4 Rxa4 26.Nxa4 Ndf6 27.Rb1 Ng5 28.Qe2 Qe6 29.
h4 Nf3+ 30.Bxf3 exf3 31.Qxf3 Nxg4 32.Nb6 Nf6 33.Ra1 Ne4 34.Ra7 Nxg3 35.
Qxg3 Qf5 36.Nd7 1-0

[Event "Valencia sub zt 2.3.5"]
[Site "Valencia"]
[Date "2000.??.??"]
[Round "6"]
[White "Harper, Ryan"]
[Black "Dominguez, Jose Manuel"]
[Result "1-0"]
[WhiteElo "2122"]
[BlackElo "2316"]
[EventDate "2000.08.13"]
[PlyCount "73"]

1.e4 e5 2.Nf3 Nc6 3.Bc4 Be7 4.d4 exd4 5.Nxd4 d6 6.Nc3 Nf6 7.O-O O-O 8.h3 
a6 9.Be3 Re8 10.f4 Na5 11.Be2 Bf8 12.Bf3 d5 13.e5 c5 14.exf6 Rxe3 15.Nxd5 
Re8 16.Nb3 Nxb3 17.axb3 gxf6 18.Qd3 f5 19.Rad1 Bg7 20.c3 Be6 21.Qc2 Rb8 
22.Qf2 Rc8 23.g4 fxg4 24.hxg4 Kh8 25.Qh2 Rg8 26.Kh1 Bd4 27.Ne3 Bxb3 28.Rd2
Bxe3 29.Rxd8 Rcxd8 30.Be4 f5 31.gxf5 Rde8 32.Bf3 Bc4 33.Ra1 Rgf8 34.Qh5 
Bd3 35.Re1 Bxf5 36.Bxb7 Re6 37.Bd5 1-0

[Event "Valencia sub zt 2.3.5"]
[Site "Valencia"]
[Date "2000.??.??"]
[Round "6"]
[White "Hernandez, Alexander"]
[Black "Sequera Paolini, Jose"]
[Result "0-1"]
[WhiteElo "2229"]
[BlackElo "2357"]
[EventDate "2000.08.13"]
[PlyCount "93"]

1.e4 e6 2.d4 d5 3.Nd2 Nf6 4.e5 Nfd7 5.f4 c5 6.Ndf3 Nc6 7.Ne2 b6 8.c3 Ba6 
9.g3 cxd4 10.Nfxd4 Nxd4 11.cxd4 Qc7 12.Bd2 Rc8 13.Rc1 Qb7 14.Rxc8+ Qxc8 
15.Qc1 Qxc1+ 16.Bxc1 Be7 17.f5 exf5 18.Bg2 O-O 19.Bxd5 Rc8 20.Nc3 Bc4 21.
Bd2 Nf8 22.Bxc4 Rxc4 23.d5 Ng6 24.d6 Bd8 25.O-O Nxe5 26.Rxf5 f6 27.Rf4 Kf7
28.Kf1 Ke6 29.Nb5 Rxf4+ 30.Bxf4 a6 31.Nd4+ Kxd6 32.Nf5+ Kd5 33.Bxe5 g6 34.
Bxf6 Bxf6 35.Ne3+ Ke4 36.Ke2 Bxb2 37.Nc4 Bd4 38.Nd2+ Kd5 39.Kd3 b5 40.Ne4 
a5 41.g4 b4 42.Ng5 a4 43.Nf3 Be5 44.h3 b3 45.a3 Bb2 46.Ng5 Bxa3 47.Nxh7 
0-1

[Event "Valencia sub zt 2.3.5"]
[Site "Valencia"]
[Date "2000.??.??"]
[Round "6"]
[White "Merrit, Mario"]
[Black "Pazos Gambarrotti, Plinio"]
[Result "1/2-1/2"]
[WhiteElo "2159"]
[BlackElo "2363"]
[EventDate "2000.08.13"]
[PlyCount "80"]

1.c4 Nf6 2.Nc3 d6 3.e4 c6 4.d4 Nbd7 5.Nf3 e5 6.Be2 Be7 7.O-O O-O 8.Qc2 a6 
9.Rd1 Qc7 10.Rb1 b5 11.cxb5 cxb5 12.b4 Bb7 13.Qd3 Rac8 14.Bb2 d5 15.Nxd5 
Bxd5 16.exd5 e4 17.Qe3 exf3 18.Bxf3 Bxb4 19.Rbc1 Qd8 20.Rc6 Nb6 21.Qb3 Be7
22.Re1 Re8 23.g3 Ra8 24.d6 Ra7 25.Rxe7 Raxe7 26.dxe7 Rxe7 27.d5 Nfxd5 28.
Bxd5 Nxd5 29.Rxa6 b4 30.h3 h5 31.Qd1 h4 32.Qg4 Re1+ 33.Kh2 hxg3+ 34.Qxg3 
Nc3 35.Rc6 Re2 36.Bxc3 bxc3 37.Rxc3 Rxa2 38.Rb3 Qd4 39.Kg2 Qd5+ 40.Qf3 Qd6
1/2-1/2

[Event "Valencia sub zt 2.3.5"]
[Site "Valencia"]
[Date "2000.??.??"]
[Round "6"]
[White "Munoz Sotomayor, Hugo"]
[Black "Boada, Winston"]
[Result "1/2-1/2"]
[WhiteElo "2322"]
[BlackElo "2165"]
[EventDate "2000.08.13"]
[PlyCount "84"]

1.c4 Nf6 2.Nc3 g6 3.e4 d6 4.d4 Bg7 5.Nge2 O-O 6.Ng3 c6 7.Be2 e5 8.d5 cxd5 
9.cxd5 Nbd7 10.h4 h5 11.Bg5 Qb6 12.Qd2 Nc5 13.f3 Bd7 14.Be3 Qa5 15.Rb1 Na4
16.Nxa4 Qxa4 17.b3 Qa3 18.Bd3 Rfc8 19.O-O a5 20.Ne2 Ne8 21.Rfc1 Bf6 22.g3 
Bd8 23.Kf2 Qb4 24.Rxc8 Qxd2 25.Bxd2 Bb6+ 26.Be3 Bxe3+ 27.Kxe3 Rxc8 28.Rc1 
Rxc1 29.Nxc1 Kf8 30.Be2 f5 31.Nd3 fxe4 32.fxe4 a4 33.bxa4 Bxa4 34.Nb2 Bd7 
35.Nc4 Ke7 36.Nb6 Bh3 37.a4 Kd8 38.a5 Kc7 39.Na4 Nf6 40.Nc3 Bg2 41.Bb5 
Ng4+ 42.Ke2 Nf6 1/2-1/2

[Event "Valencia sub zt 2.3.5"]
[Site "Valencia"]
[Date "2000.??.??"]
[Round "6"]
[White "Ordonez, Francisco"]
[Black "Montalvo, Alejandro"]
[Result "1/2-1/2"]
[WhiteElo "2295"]
[BlackElo "2222"]
[EventDate "2000.08.13"]
[PlyCount "33"]

1.d4 Nf6 2.c4 c5 3.d5 d6 4.Nc3 g6 5.g3 Bg7 6.Bg2 O-O 7.Nf3 Na6 8.O-O Nc7 
9.h3 Rb8 10.a4 b6 11.e4 Nd7 12.Qe2 a6 13.Be3 b5 14.axb5 axb5 15.cxb5 Nb6 
16.Ra5 Bd7 17.Rfa1 1/2-1/2

[Event "Valencia sub zt 2.3.5"]
[Site "Valencia"]
[Date "2000.??.??"]
[Round "6"]
[White "Pitterson, Jomo"]
[Black "Wheeler, Robert"]
[Result "1/2-1/2"]
[WhiteElo "2262"]
[BlackElo "2226"]
[EventDate "2000.08.13"]
[PlyCount "44"]

1.e4 c6 2.d4 d5 3.Nc3 dxe4 4.Nxe4 Bf5 5.Ng3 Bg6 6.h4 h6 7.h5 Bh7 8.Nf3 Nf6
9.Bd3 Bxd3 10.Qxd3 e6 11.Bd2 Nbd7 12.O-O-O Be7 13.Qe2 O-O 14.Ne4 c5 15.
dxc5 Qc7 16.Bc3 Qf4+ 17.Nfd2 Nxe4 18.Qxe4 Qxe4 19.Nxe4 Nxc5 20.Nxc5 Bxc5 
21.f3 Rfd8 22.Rhe1 Bb6 1/2-1/2

[Event "Valencia sub zt 2.3.5"]
[Site "Valencia"]
[Date "2000.??.??"]
[Round "6"]
[White "Yee, Frank"]
[Black "Ramsingh, Yogendranath"]
[Result "1/2-1/2"]
[WhiteElo "2169"]
[BlackElo "2246"]
[EventDate "2000.08.13"]
[PlyCount "53"]

1.e4 c5 2.Nf3 e6 3.d4 cxd4 4.Nxd4 Nf6 5.Bd3 d6 6.O-O Nc6 7.Nxc6 bxc6 8.c4 
Be7 9.Nc3 O-O 10.b3 Nd7 11.Bb2 Qc7 12.Rc1 Bb7 13.Bb1 Bf6 14.Na4 Bxb2 15.
Nxb2 e5 16.Qd2 Rad8 17.Rcd1 Nc5 18.Rfe1 Bc8 19.Nd3 Nxd3 20.Bxd3 f5 21.exf5
Bxf5 22.Qg5 Bxd3 23.Rxd3 h6 24.Qd2 Rf6 25.f3 Qb6+ 26.Qe3 Qxe3+ 27.Rdxe3 
1/2-1/2

[Event "Valencia sub zt 2.3.5"]
[Site "Valencia"]
[Date "2000.??.??"]
[Round "7"]
[White "Boada, Winston"]
[Black "Hernandez, Alexander"]
[Result "1/2-1/2"]
[WhiteElo "2165"]
[BlackElo "2229"]
[EventDate "2000.08.13"]
[PlyCount "29"]

1.d4 d5 2.Nf3 c5 3.e3 e6 4.c4 Nf6 5.Nc3 cxd4 6.exd4 Be7 7.Bd3 dxc4 8.Bxc4 
O-O 9.O-O Nbd7 10.Qe2 a6 11.Bg5 b5 12.Bb3 Bb7 13.Rfd1 Nb6 14.Rac1 Rc8 15.
a3 1/2-1/2